Discurso leído en la apertura de los estudios del año académico de 1916 a 1917 / (Record no. 41656)

MARC details
000 -LEADER
campo de control de longitud fija 00788nam a2200205 i 4500
001 - NÚMERO DE CONTROL
campo de control 41656
003 - IDENTIFICADOR DE NÚMERO DE CONTROL
campo de control ES-MaACL
005 - FECHA Y HORA DE LA ÚLTIMA TRANSACCIÓN
campo de control 20230906160453.0
007 - CAMPO FIJO DE DESCRIPCIÓN FÍSICA--INFORMACIÓN GENERAL
campo de control de longitud fija t|
008 - DATOS DE LONGITUD FIJA--INFORMACIÓN GENERAL
campo de control de longitud fija 030311s1916 sp ||||1| spa d
100 1# - ENTRADA PRINCIPAL--NOMBRE DE PERSONA
Nombre de persona Casso y Fernández, Francisco de.
9 (RLIN) 36370
245 10 - MENCIÓN DEL TÍTULO
Título Discurso leído en la apertura de los estudios del año académico de 1916 a 1917 /
Mención de responsabilidad, etc. por el Dr. D. Francisco de Casso y Fernández.
260 ## - PUBLICACIÓN, DISTRIBUCIÓN, ETC.
Lugar de publicación, distribución, etc. Zaragoza :
Nombre del editor, distribuidor, etc. [s.n.],
Fecha de publicación, distribución, etc. 1916.
300 ## - DESCRIPCIÓN FÍSICA
Extensión 79 p. ;
Dimensiones 31 cm.
594 ## - Nota al título y mención de responsabilidad
Nota al título y mención de responsabilidad Precede al título: Universidad Literaria de Zaragoza.
594 ## - Nota al título y mención de responsabilidad
Nota al título y mención de responsabilidad Título del discurso: De Cervantes y de su obra literaria.
600 14 - PUNTO DE ACCESO ADICIONAL DE MATERIA--NOMBRE DE PERSONA
Nombre de persona Cervantes Saavedra, Miguel de,
Fechas asociadas al nombre 1547-1616-
Subdivisión general Crítica e interpretación
9 (RLIN) 37602
852 ## - LOCALIZACIÓN
Ubicación ES-MaACL
Número de control de estantería 1536-F-8
Holdings
Estatus retirado Estado de pérdida Estado de daño No para préstamo Colección Biblioteca de origen Biblioteca actual Ubicación en estantería Fecha de adquisición Fuente de adquisición Total de préstamos Signatura topográfica completa Código de barras Visto por última vez Precio de reemplazo Tipo de ítem Koha
        Colección de folletos Biblioteca del Ateneo de Madrid Biblioteca del Ateneo de Madrid Depósito folletos 17/01/2008     1536-F-8 1043851 23/02/2023 23/02/2023 Folleto